000 00521nam a2200193Ia 4500
003 GCL
008 140319s9999 xx 000 0 ara d
040 _aGCL /
_cGCL
082 0 4 _a227
_bم م
100 1 _aمحمود بن شريف
245 1 0 _aمع فتوحات: سورة الفتح /
_cمحمود بن شريف
260 _a[S.N] :
_bدار المعارف ،
_c1991
300 _a95 ص
490 _a
650 0 4 _aسور دينية
650 0 4 _aالتفاسير
650 0 4 _aالقران
942 _2ddc
_cBK
999 _c52594
_d52594